000 00518nam a2200217Ia 4500
003 OSt
005 20221005114941.0
006 a|||||r|||| 00| 0
007 ta
008 221004b |||||||| |||| 00| 0 guj d
024 _a45794
037 _cTextual
040 _aCRL
_cCRL
_bguj
041 _2guj
_aguj
082 _aY:1v2:D, 156K2
245 0 _aBhartiya prachin sanskrity
260 _c1952
650 _aSOCIOLOGY
942 _hY:1v2:D, 156K2
_cTEXL
_2cc
999 _c1032930
_d1032930